Word Ladder: Beatle's Career Path Quiz Stats

 Plays Quiz Updated Jul 6, 2012

Support Sporcle.
Go Orange.
Score 0/15 Timer 02:00
0 Plays Today
Hint Answer % Correct
♪ ABBEY ____♪ ROAD ♪
94.9%
And Your Bird Can ____SING
93.8%
Crooner CrosbyBING
92.3%
Singular of Paul's next bandWING
88.9%
RepairMEND
85.6%
IntellectMIND
85.2%
(AND) ♪ BREEZE ♪♪ WIND ♪
84.7%
Beatle's forteSONG
84.2%
Hint Answer % Correct
Study printREAD
83.1%
TetherBIND
82.7%
Honey aleMEAD
80.6%
♪ BELL SOUND ♪♪ DING ♪
79.4%
Julep varietyMINT
77.3%
(THE) ♪ EXTENDED ♪♪ LONG ♪
69.8%
Force of effortDINT
60.2%

Today's Daily Dose

Word Ladder
Math Aid

Get the Picture
Warrior Women

You're not logged in!

Compare scores with friends on all Sporcle quizzes.
OR
Log In
Forgot?

From the Vault

How I Met Your Mother (Season 2)

by SporcleEXP

This is step 2 towards earning your Suit Up! badge.
Remove Ads.
Support Sporcle.
Get the best of Sporcle when you Go Orange. This ad-free experience offers more features, more stats, and more fun while also helping to support Sporcle. Thank you for becoming a member.

Show Comments

Extras

Top Quizzes Today


Score Distribution

Your Account Isn't Verified!

In order to create a playlist on Sporcle, you need to verify the email address you used during registration. Go to your Sporcle Settings to finish the process.

Report this User

Report this user for behavior that violates our Community Guidelines.

Details: